[Event "IECG CP.2006.Q.00019 email"]
[Site "IECG email"]
[Date "2008.01.15"]
[Round "?"]
[White "Brousek, Jiri"]
[Black "Mikhailukov, Ivan"]
[Result "1-0"]
[WhiteElo "2270"]
[BlackElo "1925"]
[PlyCount "107"]
[EventDate "2008.01.15"]
[EventType "tourn (corr)"]
[EventRounds "6"]
[SourceTitle "Corr 2024"]
[Source "ChessBase"]
[SourceDate "2023.10.19"]
[SourceVersion "1"]
[SourceVersionDate "2023.10.19"]
[SourceQuality "1"]

1. d4 d5 2. Nf3 Nf6 3. e3 e6 4. Bd3 c5 5. b3 Nbd7 6. 0-0 Bd6 7. Bb2 Qc7 8. Nbd2 cxd4 9. exd4 0-0 10. c4 Bf4 11. g3 Bh6 12. Qe2 Rd8 13. Rfc1 dxc4 14. Rxc4 Qd6 15. Rd1 b5 16. Rc2 a6 17. Ne4 Qb6 18. Nc5 Bb7 19. Nxb7 Qxb7 20. Ne5 Nd5 21. Qf3 N7f6 22. h4 Rac8 23. Rxc8 Qxc8 24. g4 Bf4 25. g5 Ne8 26. Be4 Qc7 27. Bxd5 Bxe5 28. dxe5 Qc2 29. Ba3 Rxd5 30. Rxd5 exd5 31. e6 Qg6 32. e7 Qe6 33. Kf1 a5 34. Bc5 Qc6 35. Qf5 Qe6 36. Qd3 Qc6 37. Qe3 Qc8 38. Qd4 Qc6 39. h5 b4 40. Kg2 Qd7 41. Kg3 Qc7+ 42. f4 Qc6 43. f5 Qc7+ 44. Kh3 Qc6 45. Kg3 Qc7+ 46. Kg2 Qc6 47. Kf3 h6 48. g6 f6 49. Ke3 Qd7 50. Qd3 Kh8 51. Kd4 Nc7 52. Qe3 Nb5+ 53. Kd3 Nc7 54. Kd2 1-0

[Event "IECG CP.2006.Q.00019 email"]
[Site "IECG email"]
[Date "2008.01.15"]
[Round "?"]
[White "Mikhailukov, Ivan"]
[Black "Andre, Ricardo"]
[Result "1/2-1/2"]
[WhiteElo "1925"]
[BlackElo "1370"]
[PlyCount "46"]
[EventDate "2008.01.15"]
[EventType "tourn (corr)"]
[EventRounds "6"]
[SourceTitle "Corr 2024"]
[Source "ChessBase"]
[SourceDate "2023.10.19"]
[SourceVersion "1"]
[SourceVersionDate "2023.10.19"]
[SourceQuality "1"]

1. d4 d5 2. c4 c6 3. e3 Bf5 4. Nc3 Nf6 5. Qb3 Qb6 6. Qxb6 axb6 7. cxd5 Nxd5 8. Nxd5 cxd5 9. Bd2 e6 10. Nf3 Nc6 11. a3 Be7 12. Rc1 0-0 13. Bb5 Rac8 14. Ke2 Bf6 15. Rc3 Bg4 16. a4 e5 17. dxe5 Bxe5 18. Rb3 d4 19. Bxc6 Rxc6 20. h3 Bxf3+ 21. Kxf3 Ra8 22. Rd1 Rxa4 23. Rb4 Rf6+ 1/2-1/2

[Event "IECG TE.2006.S.02101 email"]
[Site "IECG email"]
[Date "2007.12.10"]
[Round "2"]
[White "Daelemans, Hugo"]
[Black "Mikhailukov, Ivan"]
[Result "1-0"]
[WhiteElo "1501"]
[BlackElo "1925"]
[PlyCount "71"]
[EventDate "2007.12.11"]
[EventType "tourn (corr)"]
[EventRounds "12"]
[SourceTitle "Corr 2024"]
[Source "ChessBase"]
[SourceDate "2023.10.19"]
[SourceVersion "1"]
[SourceVersionDate "2023.10.19"]
[SourceQuality "1"]

1. e4 c5 2. f4 e6 3. Nf3 d5 4. Nc3 dxe4 5. Nxe4 Nf6 6. Nf2 Nc6 7. b3 Bd6 8. Nd3 0-0 9. Bb2 b6 10. g3 Bb7 11. Bg2 Nd4 12. 0-0 Nf5 13. Nde5 a6 14. Qe2 b5 15. c4 Rb8 16. g4 Ne7 17. Ng5 Bxg2 18. Kxg2 h6 19. Ngxf7 Rxf7 20. Nxf7 Kxf7 21. Rae1 Qd7 22. Kg1 bxc4 23. g5 Ne8 24. Qxc4 Nf5 25. Qxa6 Rb4 26. Qe2 Rxf4 27. Rxf4 Bxf4 28. g6+ Kxg6 29. Qxe6+ Qxe6 30. Rxe6+ Kf7 31. Re2 g5 32. Be5 Nd4 33. Bxd4 cxd4 34. Kg2 Nf6 35. h3 Kg6 36. d3 1-0

[Event "IECG TE.2005.S.02004 email"]
[Site "IECG email"]
[Date "2007.12.08"]
[Round "?"]
[White "Geiger, Walter"]
[Black "Mikhailukov, Ivan"]
[Result "0-1"]
[WhiteElo "2149"]
[BlackElo "1925"]
[PlyCount "96"]
[EventDate "2007.12.08"]
[EventType "tourn (corr)"]
[EventRounds "12"]
[SourceTitle "Corr 2024"]
[Source "ChessBase"]
[SourceDate "2023.10.19"]
[SourceVersion "1"]
[SourceVersionDate "2023.10.19"]
[SourceQuality "1"]

1. e4 e5 2. Nf3 Nc6 3. c3 d5 4. Qa4 Qd6 5. exd5 Qxd5 6. d4 Bd7 7. Qc4 Qxc4 8. Bxc4 exd4 9. cxd4 Nb4 10. Na3 f6 11. Bd2 0-0-0 12. 0-0 Bg4 13. Rfe1 Nd5 14. Nb5 a6 15. Na7+ Kb8 16. Bxd5 Kxa7 17. Be4 Ne7 18. Rac1 c6 19. h3 Bh5 20. Ba5 Rd7 21. Bb4 Nd5 22. Bxf8 Rxf8 23. Bxd5 Rxd5 24. g4 Bg6 25. Re7 Rf7 26. Rce1 Rb5 27. b3 Rxe7 28. Rxe7 Bb1 29. a3 g5 30. b4 a5 31. Re6 axb4 32. axb4 Kb6 33. Rxf6 Be4 34. Ne5 Rxb4 35. f3 Bd5 36. Rf5 Rxd4 37. Rxg5 c5 38. Kf2 c4 39. Ke3 Rd1 40. Ke2 Rb1 41. Rf5 Kc5 42. Nd7+ Kd4 43. Rf4+ Kc3 44. h4 Rb5 45. Nf6 Bc6 46. g5 Re5+ 47. Kf1 Kd3 48. Ng4 Re7 0-1

[Event "IECG TE.2005.S.02004 email"]
[Site "IECG email"]
[Date "2007.12.08"]
[Round "?"]
[White "Mikhailukov, Ivan"]
[Black "Zielinski, Sergej"]
[Result "1/2-1/2"]
[WhiteElo "1925"]
[BlackElo "2242"]
[PlyCount "80"]
[EventDate "2007.12.08"]
[EventType "tourn (corr)"]
[EventRounds "12"]
[SourceTitle "Corr 2024"]
[Source "ChessBase"]
[SourceDate "2023.10.19"]
[SourceVersion "1"]
[SourceVersionDate "2023.10.19"]
[SourceQuality "1"]

1. e4 e5 2. Nf3 Nc6 3. c3 Nf6 4. d4 Nxe4 5. d5 Ne7 6. Nxe5 Ng6 7. Qd4 Qf6 8. Qxe4 Qxe5 9. Qxe5+ Nxe5 10. Bf4 d6 11. Nd2 Be7 12. 0-0-0 0-0 13. Re1 Ng6 14. Be3 Bf5 15. g3 Ne5 16. f4 Nd7 17. h3 Rfe8 18. Bf2 h5 19. Be2 Nf6 20. Bf3 Bf8 21. Bd4 Rxe1+ 22. Rxe1 Bxh3 23. Bxf6 gxf6 24. Bxh5 Bd7 25. Nf3 Kg7 26. Kd2 c6 27. b3 a5 28. a4 Rc8 29. g4 cxd5 30. Nd4 Kg8 31. Kc2 b6 32. Re3 Rc7 33. Rh3 Rc5 34. Rh1 Bg7 35. f5 Rc8 36. Kd3 Re8 37. Rh3 Re5 38. Rh1 Re4 39. Rh2 Bf8 40. Rh1 Bc8 1/2-1/2

[Event "IECG CP.2007.P.00062 email"]
[Site "IECG email"]
[Date "2007.10.01"]
[Round "?"]
[White "Mikhailukov, Ivan"]
[Black "Moeckel, Jean"]
[Result "1-0"]
[WhiteElo "1912"]
[BlackElo "1434"]
[PlyCount "101"]
[EventDate "2007.10.01"]
[EventType "tourn (corr)"]
[EventRounds "6"]
[SourceTitle "Corr 2024"]
[Source "ChessBase"]
[SourceDate "2023.10.19"]
[SourceVersion "1"]
[SourceVersionDate "2023.10.19"]
[SourceQuality "1"]

1. e4 c5 2. Nf3 Nc6 3. d4 cxd4 4. c3 Nf6 5. e5 Nd5 6. cxd4 d6 7. Nc3 Be6 8. Ng5 Nxc3 9. bxc3 dxe5 10. Nxe6 fxe6 11. dxe5 Qxd1+ 12. Kxd1 Nxe5 13. Kc2 Kf7 14. Rb1 b6 15. Bb5 a6 16. Be2 b5 17. a4 g6 18. axb5 axb5 19. Bxb5 Bg7 20. Rd1 Rhb8 21. Rb3 Ra5 22. Be2 Rc8 23. Rd4 Bf6 24. Rdb4 h5 25. h3 Ra2+ 26. Bb2 Ra7 27. Re4 Rac7 28. Ba6 Rd8 29. Ra3 Rcd7 30. Bc1 Nd3 31. Bxd3 Rxd3 32. h4 Rd1 33. g3 Rf1 34. Be3 Re1 35. Ra5 Rc8 36. c4 Rd8 37. c5 Re2+ 38. Kb3 Rb8+ 39. Kc4 Reb2 40. Ra4 R8b3 41. Bd2 Rb8 42. Be3 R8b3 43. Bd2 Rb7 44. Rb4 R7xb4+ 45. Bxb4 Rxf2 46. c6 Rc2+ 47. Kb5 e5 48. Re3 Ke6 49. Rc3 Ra2 50. Ba3 Kf7 51. c7 1-0

[Event "IECG CP.2007.P.00062 email"]
[Site "IECG email"]
[Date "2007.10.01"]
[Round "?"]
[White "Sanjur, Reynaldo"]
[Black "Mikhailukov, Ivan"]
[Result "0-1"]
[WhiteElo "1200"]
[BlackElo "1912"]
[PlyCount "48"]
[EventDate "2007.10.01"]
[EventType "tourn (corr)"]
[EventRounds "6"]
[SourceTitle "Corr 2024"]
[Source "ChessBase"]
[SourceDate "2023.10.19"]
[SourceVersion "1"]
[SourceVersionDate "2023.10.19"]
[SourceQuality "1"]

1. e4 c5 2. Nf3 g6 3. c3 Bg7 4. Bc4 Nc6 5. 0-0 Nf6 6. e5 Nh5 7. d4 d6 8. exd6 Qxd6 9. Ng5 0-0 10. Ne4 Qc7 11. Nxc5 e5 12. Be2 exd4 13. Na3 dxc3 14. bxc3 Rd8 15. Qa4 Qe7 16. Be3 Nf6 17. Bf3 Ne5 18. Be4 Neg4 19. Qb4 Qe5 20. g3 Bf8 21. Rad1 Qh5 22. h4 Rxd1 23. Rxd1 Nxe3 24. Rd8 Bh3 0-1

[Event "IECG CC.2006.0.00139 email"]
[Site "IECG email"]
[Date "2006.08.06"]
[Round "?"]
[White "Nicolaescu, Nicolae"]
[Black "Mikhailukov, Ivan"]
[Result "0-1"]
[WhiteElo "1671"]
[BlackElo "1600"]
[PlyCount "92"]
[EventDate "2006.08.06"]
[EventType "tourn (corr)"]
[EventRounds "6"]
[SourceTitle "Corr 2024"]
[Source "ChessBase"]
[SourceDate "2023.10.19"]
[SourceVersion "1"]
[SourceVersionDate "2023.10.19"]
[SourceQuality "1"]

1. e4 c5 2. Nf3 d6 3. d4 cxd4 4. Nxd4 Nf6 5. Nc3 a6 6. Be3 g6 7. f3 Bg7 8. Qd2 Nbd7 9. g4 h6 10. 0-0-0 b5 11. Nb3 Bb7 12. Be2 b4 13. Nd5 a5 14. Nxf6+ Nxf6 15. Bb5+ Kf8 16. Nc5 Qc7 17. Nxb7 Qxb7 18. Ba4 Rc8 19. Bd4 Nd7 20. Bxd7 Qxd7 21. Bxg7+ Kxg7 22. Kb1 Rc4 23. e5 Rhc8 24. exd6 Rxc2 25. Qd4+ Kh7 26. dxe7 Qxe7 27. h4 R8c4 28. Qd3 Qf6 29. Qxc2 Rxc2 30. Kxc2 Qxf3 31. Rhf1 Qe4+ 32. Kc1 Kg7 33. Rg1 a4 34. Rd2 b3 35. a3 Kf6 36. Rf2+ Ke5 37. Kd2 Kd5 38. Rg3 Kd4 39. Rc3 Qb1 40. Rf4+ Ke5 41. Rxf7 Qxb2+ 42. Kd3 Qxa3 43. Kc4 Qb2 44. Rff3 Qe2+ 45. Kc5 Qxf3 46. Rxf3 b2 0-1

[Event "IECG TE.2006.P.02213 email"]
[Site "IECG email"]
[Date "2006.06.19"]
[Round "?"]
[White "Mikhailukov, Ivan"]
[Black "Bertel, Michael"]
[Result "1/2-1/2"]
[WhiteElo "1600"]
[BlackElo "1805"]
[PlyCount "105"]
[EventDate "2006.06.19"]
[EventType "tourn (corr)"]
[EventRounds "12"]
[SourceTitle "Corr 2024"]
[Source "ChessBase"]
[SourceDate "2023.10.19"]
[SourceVersion "1"]
[SourceVersionDate "2023.10.19"]
[SourceQuality "1"]

1. d4 f5 2. e4 fxe4 3. Nc3 Nf6 4. Bg5 d5 5. Bxf6 exf6 6. Qh5+ g6 7. Qxd5 Qxd5 8. Nxd5 Kd8 9. Nxf6 Bf5 10. Nd5 c5 11. 0-0-0 cxd4 12. Ne2 Nc6 13. Nxd4 Nxd4 14. Rxd4 Bc5 15. Rd2 Kc8 16. Bc4 Rd8 17. h3 Rb8 18. g4 Bd7 19. Re1 Rf8 20. Rxe4 Rxf2 21. Rxf2 Bxf2 22. Re7 h5 23. Rh7 b5 24. Be2 hxg4 25. Bxg4 Bxg4 26. hxg4 Rb7 27. Ne7+ Kd8 28. Rh8+ Kd7 29. Nxg6 Kd6 30. Rd8+ Rd7 31. Rxd7+ Kxd7 32. Kd2 Bd4 33. c3 Bg7 34. Nh4 b4 35. Nf3 bxc3+ 36. bxc3 a5 37. Kd3 Kd6 38. Nd4 Bf6 39. Ke4 Kc5 40. Kf5 Bh8 41. Ne2 Kc4 42. g5 a4 43. Ke6 Kc5 44. g6 Kc4 45. Kf7 Kd3 46. g7 Bxg7 47. Kxg7 a3 48. Kf7 Kc2 49. c4 Kb2 50. Nc3 Kxc3 51. c5 Kb2 52. c6 Kxa2 53. c7 1/2-1/2

[Event "IECG TE.2006.P.02122 email"]
[Site "IECG email"]
[Date "2006.03.17"]
[Round "?"]
[White "Mikhailukov, Ivan"]
[Black "Barros Uriburu, Nicolas"]
[Result "1-0"]
[WhiteElo "1600"]
[BlackElo "1300"]
[PlyCount "59"]
[EventDate "2006.03.17"]
[EventType "tourn (corr)"]
[EventRounds "12"]
[SourceTitle "Corr 2024"]
[Source "ChessBase"]
[SourceDate "2023.10.19"]
[SourceVersion "1"]
[SourceVersionDate "2023.10.19"]
[SourceQuality "1"]

1. e4 c5 2. f4 Nc6 3. Nf3 g6 4. Bb5 Bg7 5. Bxc6 bxc6 6. d3 d5 7. Nbd2 e6 8. c4 dxe4 9. dxe4 Ne7 10. e5 0-0 11. Ne4 Qxd1+ 12. Kxd1 Ba6 13. b3 Rfd8+ 14. Ke2 Nf5 15. Nxc5 Bc8 16. Ba3 Bf8 17. Rhd1 Rxd1 18. Rxd1 h6 19. g4 Ne7 20. Rd8 a5 21. Na4 Kg7 22. Nb6 Rb8 23. Nxc8 Rxc8 24. Bxe7 Rxd8 25. Bxd8 h5 26. gxh5 gxh5 27. Bxa5 Kg6 28. b4 Kf5 29. Nd4+ Kxf4 30. Nxc6 1-0

[Event "IECG TE.2006.P.02122 email"]
[Site "IECG email"]
[Date "2006.03.17"]
[Round "?"]
[White "Mikhailukov, Ivan"]
[Black "Yukman, Tham"]
[Result "1/2-1/2"]
[WhiteElo "1600"]
[BlackElo "2142"]
[PlyCount "79"]
[EventDate "2006.03.17"]
[EventType "tourn (corr)"]
[EventRounds "12"]
[SourceTitle "Corr 2024"]
[Source "ChessBase"]
[SourceDate "2023.10.19"]
[SourceVersion "1"]
[SourceVersionDate "2023.10.19"]
[SourceQuality "1"]

1. e4 c5 2. f4 Nc6 3. Nf3 Nf6 4. Nc3 e6 5. Bb5 Be7 6. 0-0 0-0 7. d3 d5 8. Bxc6 bxc6 9. e5 Nd7 10. b3 Ba6 11. Ne2 c4 12. bxc4 dxc4 13. d4 c3 14. Rf2 Qa5 15. Qe1 c5 16. Qxc3 Qxc3 17. Nxc3 cxd4 18. Nxd4 Rac8 19. Ne4 Rfd8 20. Be3 Nb6 21. Nb3 Rc4 22. Ng3 Rdc8 23. Rd1 Rxc2 24. Ne4 R2c7 25. Bxb6 axb6 26. Rfd2 Ra8 27. Nd6 h6 28. Nd4 Rd8 29. Nf3 b5 30. Kf2 f6 31. h4 fxe5 32. fxe5 g6 33. Kg3 Rc3 34. Rd4 Ra3 35. R1d2 Rd7 36. Kh2 Bf8 37. Ne4 Rxd4 38. Nxd4 Ra4 39. Nf6+ Kf7 40. Nc6 1/2-1/2

[Event "IECG CC.2005.0.00128 email"]
[Site "IECG email"]
[Date "2005.12.22"]
[Round "5"]
[White "Yilmaz, Izzet"]
[Black "Mikhailukov, Ivan"]
[Result "0-1"]
[WhiteElo "1780"]
[BlackElo "1600"]
[PlyCount "81"]
[EventDate "2005.12.18"]
[EventType "tourn (corr)"]
[EventRounds "6"]
[SourceTitle "Corr 2008"]
[Source "ChessBase"]
[SourceDate "2008.06.24"]
[SourceVersion "1"]
[SourceVersionDate "2008.06.24"]
[SourceQuality "1"]

1. e4 e5 2. Nf3 Nc6 3. Bb5 a6 4. Bxc6 dxc6 5. 0-0 Qd6 6. d4 exd4 7. Nxd4 Qg6 8. Nc3 Bh3 9. Qf3 Bg4 10. Qg3 0-0-0 11. Be3 Bd7 12. Bf4 Qxg3 13. Bxg3 Bb4 14. Nde2 Ne7 15. Rad1 Ng6 16. f4 Rhe8 17. a3 Bd6 18. e5 Be7 19. Ne4 Bf5 20. N2c3 f6 21. exf6 Bxf6 22. Nxf6 gxf6 23. Rxd8+ Rxd8 24. Rf2 h5 25. Re2 b6 26. Kf1 Rd4 27. h4 Kd7 28. Ke1 c5 29. Bf2 Rd6 30. g3 Kc6 31. Bg1 Bg4 32. Rd2 Re6+ 33. Kf1 Ne7 34. Kg2 a5 35. Bf2 Nf5 36. b3 Rd6 37. Ne4 Rxd2 38. Nxd2 Nd4 39. c4 Nc2 40. Nb1 f5 41. Kf1 0-1

[Event "IECG TE.2005.P.02026"]
[Site "IECG email"]
[Date "2005.12.19"]
[Round "?"]
[White "Baer, Werner"]
[Black "Mikhailukov, Ivan"]
[Result "1/2-1/2"]
[WhiteElo "1913"]
[BlackElo "1600"]
[PlyCount "119"]
[EventDate "2005.12.19"]
[EventType "tourn (corr)"]
[EventRounds "8"]
[SourceTitle "Corr 2008"]
[Source "ChessBase"]
[SourceDate "2008.06.24"]
[SourceVersion "1"]
[SourceVersionDate "2008.06.24"]
[SourceQuality "1"]

1. e4 e5 2. Nf3 Nc6 3. c3 Nf6 4. d4 Nxe4 5. d5 Ne7 6. Nxe5 Ng6 7. Nxg6 hxg6 8. Qe2 Qe7 9. Bf4 Rh5 10. f3 Nc5 11. Qxe7+ Bxe7 12. c4 Na4 13. Kd2 d6 14. Nc3 Nxc3 15. Kxc3 Kf8 16. h3 Bf6+ 17. Kc2 Bf5+ 18. Bd3 Re8 19. g4 Rh4 20. Bd2 Bd7 21. Rae1 g5 22. a3 Rxe1 23. Bxe1 Rh8 24. Bd2 c5 25. b3 a6 26. Be1 Ke7 27. Bg3 Be5 28. Bf2 b5 29. h4 bxc4 30. Bxc4 f5 31. gxf5 Bxf5+ 32. Kd2 gxh4 33. Rxh4 Rb8 34. Be3 a5 35. a4 Kd7 36. Rh5 Rf8 37. f4 Bb2 38. Rh1 Rb8 39. Bb5+ Ke7 40. Re1 Kf7 41. Bc4 Rh8 42. Bd3 Rh5 43. Bxf5 Rxf5 44. Kc2 Ba3 45. Rd1 Bb4 46. Bc1 Rh5 47. Rd3 Kf6 48. Bb2+ Kf5 49. Bxg7 Rh2+ 50. Kb1 Rh1+ 51. Kc2 Ke4 52. Rg3 Rh2+ 53. Kb1 Rd2 54. Rg6 Rxd5 55. Bf8 Rd3 56. Bxd6 Rxb3+ 57. Kc2 Rc3+ 58. Kb2 c4 59. Bxb4 axb4 60. Rb6 1/2-1/2

[Event "IECG TE.2005.P.02012"]
[Site "IECG email"]
[Date "2005.12.19"]
[Round "?"]
[White "Mikhailukov, Ivan"]
[Black "Garcia Medinilla, Daniel"]
[Result "1-0"]
[WhiteElo "1600"]
[BlackElo "1811"]
[PlyCount "31"]
[EventDate "2005.12.19"]
[EventType "tourn (corr)"]
[EventRounds "8"]
[SourceTitle "Corr 2008"]
[Source "ChessBase"]
[SourceDate "2008.06.24"]
[SourceVersion "1"]
[SourceVersionDate "2008.06.24"]
[SourceQuality "1"]

1. e4 e5 2. Nf3 Nc6 3. c3 d5 4. Qa4 dxe4 5. Nxe5 Qd5 6. Nxc6 bxc6 7. Bc4 Qd6 8. 0-0 Ne7 9. Re1 Bf5 10. d3 exd3 11. Bf4 Qd7 12. Qb3 Bg6 13. Nd2 a5 14. Qb7 Rd8 15. Nb3 Bf5 16. Nc5 1-0

[Event "IECG TE.2005.P.02026"]
[Site "IECG email"]
[Date "2005.12.19"]
[Round "?"]
[White "Mikhailukov, Ivan"]
[Black "Krupikov, Andrey Viktorovich"]
[Result "1/2-1/2"]
[WhiteElo "1600"]
[BlackElo "1317"]
[PlyCount "61"]
[EventDate "2005.12.19"]
[EventType "tourn (corr)"]
[EventRounds "8"]
[SourceTitle "Corr 2008"]
[Source "ChessBase"]
[SourceDate "2008.06.24"]
[SourceVersion "1"]
[SourceVersionDate "2008.06.24"]
[SourceQuality "1"]

1. e4 e5 2. Nf3 Nc6 3. c3 d5 4. Bb5 dxe4 5. Nxe5 Qd5 6. Bxc6+ bxc6 7. d4 exd3 8. 0-0 Bd6 9. c4 Qd4 10. Nxd3 Qxc4 11. Re1+ Ne7 12. Nc3 Bg4 13. Qd2 Bf5 14. Ne5 Qc5 15. b4 Qb6 16. a3 Be6 17. Bb2 0-0 18. Ne4 c5 19. Ng5 Qb5 20. bxc5 Qxc5 21. Nxe6 fxe6 22. Qe2 Bxe5 23. Bxe5 Nd5 24. Bg3 Rf6 25. Rec1 Qb6 26. Qd3 Nf4 27. Qc4 Raf8 28. Rab1 Qd6 29. f3 Kh8 30. Bxf4 Rxf4 31. Qxc7 1/2-1/2

[Event "IECG TE.2005.P.02012"]
[Site "IECG email"]
[Date "2005.12.19"]
[Round "?"]
[White "Mikhailukov, Ivan"]
[Black "Pedro, Fernando"]
[Result "0-1"]
[WhiteElo "1600"]
[BlackElo "2186"]
[PlyCount "78"]
[EventDate "2005.12.19"]
[EventType "tourn (corr)"]
[EventRounds "8"]
[SourceTitle "Corr 2008"]
[Source "ChessBase"]
[SourceDate "2008.06.24"]
[SourceVersion "1"]
[SourceVersionDate "2008.06.24"]
[SourceQuality "1"]

1. e4 e5 2. Nf3 Nc6 3. c3 d5 4. Qa4 f6 5. Bb5 Nge7 6. exd5 Qxd5 7. d4 Bg4 8. Bc4 Qe4+ 9. Be3 Bxf3 10. Nd2 Bd1 11. Kxd1 Qxg2 12. Kc2 exd4 13. Bxd4 0-0-0 14. Bxa7 Qg6+ 15. Kc1 Nd5 16. Rd1 Qf5 17. Nf1 g6 18. Be3 Kb8 19. Rd2 Nxe3 20. Nxe3 Qe5 21. Bd5 Bc5 22. Qb5 Bxe3 23. fxe3 Qxe3 24. Kc2 Qb6 25. Qxb6 cxb6 26. Rf1 f5 27. a4 Kc7 28. Rfd1 Rhe8 29. Rf1 Re5 30. Bc4 Rxd2+ 31. Kxd2 Re4 32. b3 Ne5 33. Be2 Rh4 34. Rf2 h5 35. Ke3 Kd6 36. Bd1 Rh3+ 37. Kd2 Ng4 38. Bxg4 hxg4 39. Re2 f4 0-1